Pokémon - Les Pokémon non évolués les plus puissants - Statistiques

Statistiques générales
  • Ce quiz a été pris 186 fois
    85 depuis la dernière actualisation
  • Le résultat moyen est 21 sur 44
Statistiques - réponses
Classement Pokémon % Correct
7 Elektek
84%
4 Insécateur
84%
6 Magmar
84%
32 Draco
77%
10 Rhinoféros
75%
36 Diamat
73%
34 Drackhaus
70%
20 Leveinard
70%
35 Métang
70%
3 Porygon2
66%
5 Ursaring
66%
8 Scalproie
63%
19 Colimucus
61%
21 Cochignon
59%
40 Ecaïd
59%
30 Farfuret
59%
11 Magnéton
59%
18 Girafarig
57%
1 Duralugon
55%
17 Colossinge
54%
16 Téraclope
54%
29 Scorplane
50%
12 Cerfrousse
46%
28 Feuforêve
46%
27 Saquedeneu
46%
13 M. Mime
43%
225 Vigoroth
43%
9 Pomdramour
39%
14 Bargantua
38%
23 Hypocéan
38%
33 Linéon
38%
15 Nosferalto
36%
24 Qwilfish
34%
31 Galegon
32%
2 Type : 0
32%
22 Dimoclès
30%
41 Vémini
30%
42 Badabouin
16%
37 Efflèche
16%
43 Lapyro
16%
38 Matoufeu
16%
39 Otarlette
16%
44 Arrozard
14%
26 Clic
13%
Aucun quiz correspondant
Distribution des résultats
% des personnes avec chaque résultat
Percentile par nombre de réponses
Votre historique - résultats
Vous n’avez pas pris ce quiz depuis la dernière actualisation